000 00257nam a2200121Ia 4500
008 151213s9999 xx 000 0 und d
245 _aUsing 1 2 3
260 _bQ U E
_c1987
300 _a3131 p.
650 _aComputer
650 _aComputer
999 _c2156
_d2156